000 01163cam a2200349 a 4500
003 CHAP
005 20220817043705.0
008 000727d1990 cl r 10100 eng d
010 _a81870
011 _a82842
035 _a93347
040 _cCHAP
090 _aFolleto 16002
111 0 0 _aWorkshop on Project Development for Natinal Parks and Protected Areas
_d(1989 :
_cDominica)
_9122668
245 1 0 _aReport
_c/by FAO. Oficina Regional para América Latina y El Caribe
260 _aSantiago de Chile :
_bOficina Regional para América Latina y El Caribe,
_c1990.
300 _a59 p.
410 _aFAO
490 0 _aRLAC/90/07-For-31
590 _aBATCH-UPD
_b10
_c20130110
_lUCH01
_h0553
590 _aBATCH-UPD
_b10
_c20130410
_lUCH01
_h0235
590 _aBATCH-UPD
_b10
_c20130914
_lUCH01
_h1345
590 _aCONVERSION
_b10
_c20130109
_lUCH01
_h1345
650 1 4 _aÁreas protegidas.
_982451
650 1 4 _aMedio ambiente
_xProtección.
_974106
810 0 _aFAO
830 0 0 _aRLAC/90/07-For-31
_997828
901 _aBK
905 _aLilia Sánchez G.
942 _cFOLL
949 _aFolleto 16002
_bBC
_cFAO
_d33724000785259
_eFAO1
_i93347
_kDonaciØn
_sb
999 _c81870
_d81870